000 03092nam a22002177a 4500
003 TH-BaNU
005 20230330111604.0
008 230330b2020 TH ||||| |||| 00| 0 tha d
020 _a 9786162401176
040 _aTH-BaNU
100 _a การะเกด
245 _aเทใจรักคาสโนวา
260 _aกรุงเทพฯ:
_bกรีนมายด์:
_c2565
300 _a296 หน้า
520 _a"ศิริพัตรา" พนักงานสาวออฟฟิศผู้รักกีฬาเทนนิสเป็นชีวิตจิตใจ เกิดมาสะดุดรัก "ภูวนัย จัสติน ธราธิป" หนุ่มลูกครึ่งเจ้าของสปอร์ตคลับที่เธอมาตีเทนนิสทุกวันหยุด หญิงสาวจึงพยายามเข้าถึงตัวเขาให้มากที่สุด เพื่อหาทางหว่านเสน่ห์แต่จนแล้วจนรอด ก็ไม่เคยเข้าถึงคาสโนวาหน้าหล่อคนนี้เลยสักครั้งกระทั่งวันหนึ่ง กามเทพคงเห็นใจ แผงศรใส่ไม้เทนนิสให้ปลิวไปโดนหัวเขาและนั่นก็ทำให้เขารู้จักเธอ สาวสวย หุ่นดี ดีกรีขวัญใจช่างภาพประจำบริษัทชื่อดังจากความใกล้ชิด สนิทสนม กลายเป็นเสน่หา ความน่ารักของเธอทำให้เขาสัญญาว่าจะเลิกเป็นคาสโนวาอย่างเด็ดขาด และนั่นก็เป็นสาเหตุของคดีฆ่าตกรรมปริศนาโดยมีเขาเป็นจำเลยอย่างช่วยไม่ได้ท่ามกลางความสับสันวุ่นวาย มีเธอเพียงคนเดียวเท่านั้นที่จะช่วยเขาได้แต่ก็มีเหตุให้ความทรงจำครั้งสุดท้าย ณ ตอนนั้นขาดหายไป มาร่วมลุ้นและติดตามความรักของเขาและเธอได้ใน "เทใจรักคาสโนวา" แล้วคุณจะรู่ว่า ท่ามกลางอุปสรรคมากมาย ความรักของเขาและเธอยังงดงามเสมอ
650 _aวรรณกรรม
850 _aKCNL
856 _uhttps://se-ed.belibcloud.com/book-detail/18273
_yse-ed e-library
942 _2local
_cEBK
998 _cBee
999 _c37512
_d37512